000 00336nam a2200133Ia 4500
008 240624s9999 xx 000 0 und d
041 _aeng
082 _a346.07 MOS
100 _aMOSHAL B S
245 _aMODERN BUSINESS LAW
260 _c2009
_aNew Delhi
_bAne Books Pvt. Ltd.
300 _axx, : 387 : p. : cm. ; 24
365 _cRS
_b32
999 _c16196
_d16196